[Event "Jacobus De Cessolis"]
[Site "SchemingMind.com"]
[Date "2007.12.31"]
[Round "-"]
[White "Adunatos"]
[Black "Goran"]
[Result "0-1"]
[WhiteCountry "NED"]
[BlackCountry "ITA"]
[WhiteElo "2166"]
[WhiteRD "64"]
[BlackElo "2528"]
[BlackRD "74"]
[GameID "135762"]

1. e4 e5 2. Nf3 Nc6 3. Bb5 a6 4. Ba4 Nf6 5. O-O Be7 6. Re1 b5 7. Bb3 O-O 8. h3 Bb7 9. d3 d6 10. a3 Na5
11. Ba2 c5 12. Nc3 Nc6 13. Nd5 Nxd5 14. Bxd5 Qd7 15. c3 Rfc8 16. Be3 Nd8 17. a4 Bxd5 18. exd5 f5 19. Qc2 Nf7 20. Reb1 Qb7
21. Qb3 Rab8 22. axb5 axb5 23. g3 Bf6 24. Kg2 Re8 25. Ra2 e4 26. dxe4 fxe4 27. Nh2 Bg5 28. Bxg5 Nxg5 29. h4 Nf3 30. Nxf3 exf3+
31. Kg1 Re2 32. Qd1 Rbe8 33. Qd3 Qf7 34. Rba1 c4 35. Qd1 Qf5 36. Ra8 Rxa8 37. Rxa8+ Kf7 38. Ra7+ Kg6
0-1

[Event "Jacobus De Cessolis"]
[Site "SchemingMind.com"]
[Date "2007.12.31"]
[Round "-"]
[White "Adunatos"]
[Black "heuschrecke"]
[Result "1/2-1/2"]
[WhiteCountry "NED"]
[BlackCountry "GER"]
[WhiteElo "2322"]
[WhiteRD "72"]
[BlackElo "2393"]
[BlackRD "91"]
[GameID "135763"]

1. e4 c5 2. Nf3 d6 3. d4 cxd4 4. Nxd4 Nf6 5. Nc3 a6 6. Be2 e6 7. O-O Be7 8. f4 O-O 9. Kh1 Qc7 10. Be3 b5
11. e5 dxe5 12. fxe5 Nfd7 13. Bf3 Bb7 14. Bxb7 Qxb7 15. Bf4 Nc6 16. Qf3 Rac8 17. Rad1 Nc5 18. Nb3 Na4 19. Nxa4 bxa4 20. Nd4 Rc7
21. Nxc6 Qxc6 22. Qxc6 Rxc6 23. Rd7 Bd8 24. c3 a3 25. Rd6 Rxd6 26. exd6 axb2 27. Rb1 Bf6 28. Rxb2 Rd8 29. Rb6 Bxc3 30. Rxa6 e5
31. Be3 f5 32. Rc6 Bd4 33. Bxd4 exd4 34. Kg1=
1/2-1/2

[Event "Jacobus De Cessolis"]
[Site "SchemingMind.com"]
[Date "2007.12.31"]
[Round "-"]
[White "Adunatos"]
[Black "demiurg"]
[Result "1-0"]
[WhiteCountry "NED"]
[BlackCountry "HUN"]
[WhiteElo "2378"]
[WhiteRD "72"]
[BlackElo "2281"]
[BlackRD "74"]
[GameID "135764"]

1. e4 c5 2. Nf3 Nc6 3. Nc3 e6 4. d4 cxd4 5. Nxd4 Nf6 6. Ndb5 d6 7. Bf4 e5 8. Bg5 a6 9. Na3 b5 10. Nd5 Be7
11. Bxf6 Bxf6 12. c4 b4 13. Nc2 a5 14. g3 O-O 15. Bg2 Be6 16. O-O Rc8 17. Nce3 Bg5 18. Nf5 Nd4 19. Nxd4 Bxd5 20. exd5 exd4
21. Qd3 Bf6 22. Rfe1 Qc7 23. Bf1 g6 24. Qd2 Rfe8 25. Bd3 Qb8= 26. b3 h5 27. Kg2 Qb7 28. Re2 Qd7 29. Rae1 Kg7 30. h4 Rxe2
31. Qxe2 Rb8 32. f4 a4 33. f5 axb3 34. axb3 Ra8 35. Bb1
1-0

[Event "Jacobus De Cessolis"]
[Site "SchemingMind.com"]
[Date "2007.12.31"]
[Round "-"]
[White "Adunatos"]
[Black "Konan_Kaddosh"]
[Result "0-1"]
[WhiteCountry "NED"]
[BlackCountry "ITA"]
[WhiteElo "2108"]
[WhiteRD "66"]
[BlackElo "2598"]
[BlackRD "63"]
[GameID "135765"]

1. e4 c5 2. Nf3 Nc6 3. Nc3 Nf6 4. d4 cxd4 5. Nxd4 e5 6. Ndb5 d6 7. Bg5 a6 8. Na3 b5 9. Nd5 Be7 10. Bxf6 Bxf6
11. c4 b4 12. Nc2 O-O 13. Ncxb4 Nxb4 14. Nxb4 Qb6 15. Qb3 Bd8 16. Nd5 Qd4 17. Bd3 Ba5+ 18. Kf1 f5 19. Qc2 fxe4 20. Bxe4 Rb8
21. Ne7+ Kh8 22. Nc6 Qxb2 23. Qxb2 Rxb2 24. Nxa5 Rfxf2+ 25. Kg1 Rxa2 26. Rb1 g6 27. Nb7= Bxb7 28. Bxb7 Rfb2 29. Rxb2 Rxb2 30. Be4 Re2
31. Bd3 Rd2 32. Bf1 e4 33. h4 e3 34. Rh3= e2 35. Bxe2 Rxe2 36. Ra3 Re4 37. g3 Rxc4 38. Rxa6 Rd4 39. Kf2 h5 40. Ke3 Rd1
41. Ra7 Kg8 42. Rd7 Kf8 43. Ke4 Rd2 44. Ke3 Rd5 45. Ke4 Ke8 46. Rg7 Re5+ 47. Kd3 Re6 48. Kd4 Kf8 49. Kd5 Rf6 50. Rd7 Rf3
51. Ke6 Kg8 52. Rxd6 Kg7 53. Rd7+ Kh6 54. Ke5 Rxg3 55. Rd4 Rg2 56. Rc4 Rf2 57. Ke4 Kg7 58. Rc7+ Rf7 59. Rc6 Re7+ 60. Kf4 Rd7
61. Rc4 Rd3 62. Rc7+ Kh6 63. Rc4 Rh3
0-1

[Event "Jacobus De Cessolis"]
[Site "SchemingMind.com"]
[Date "2008.01.05"]
[Round "-"]
[White "Adunatos"]
[Black "badbishop"]
[Result "1/2-1/2"]
[WhiteCountry "NED"]
[BlackCountry "POL"]
[WhiteElo "2337"]
[WhiteRD "67"]
[BlackElo "2225"]
[BlackRD "64"]
[GameID "135766"]

1. e4 c6 2. d4 d5 3. e5 Bf5 4. Nf3 e6 5. Be2 Nd7 6. O-O Ne7 7. Nbd2 Bg6 8. Nh4 c5 9. c3 Nc6 10. Nxg6 hxg6
11. Nf3 cxd4 12. cxd4 Be7 13. Be3 Rc8 14. a3 O-O 15. Rc1 Nb6 16. Qd2 Qd7 17. Bd3 Rfd8 18. Rc2 Nb8 19. Rfc1 Rxc2 20. Rxc2 Rc8
21. Rxc8+ Qxc8 22. Qa5 Nc6 23. Qc3 a6 24. g3 Na4 25. Qc2 b5 26. b3 Nb6 27. Qb2 Qf8 28. Qc1 Qc8 29. Kg2 Na5 30. Qb2 Nc6
31. Nd2 Qf8 32. Qc1 Qc8=
1/2-1/2

[Event "Jacobus De Cessolis"]
[Site "SchemingMind.com"]
[Date "2008.01.01"]
[Round "-"]
[White "Goran"]
[Black "Adunatos"]
[Result "1-0"]
[WhiteCountry "ITA"]
[BlackCountry "NED"]
[WhiteElo "2546"]
[WhiteRD "72"]
[BlackElo "2108"]
[BlackRD "66"]
[GameID "135768"]

1. d4 Nf6 2. c4 e6 3. Nf3 d5 4. Nc3 Be7 5. Bg5 O-O 6. e3 h6 7. Bh4 b6 8. Be2 Bb7 9. Bxf6 Bxf6 10. cxd5 exd5
11. O-O c6 12. Re1 Re8 13. Qc2 Nd7 14. Rad1 c5 15. Bb5 Re7 16. dxc5 Nxc5 17. Nxd5 Bxd5 18. Qf5 Bxb2 19. Rxd5 Qc7 20. Red1 g6
21. Qc2 Bg7 22. Nd4 Rc8 23. Nc6 Re6 24. Nd8 Rf6 25. e4 Rf4 26. g3 Rxe4 27. Ba6 Rb8 28. Bc4 Kh7 29. Nxf7 Qe7 30. h4 Rg4
31. h5 Qe4 32. Qxe4 Rxe4 33. hxg6+ Kxg6 34. Rd6+ Kh7 35. Bd5 Re2 36. Kg2 Bf8 37. Rf6 Rbe8 38. Nxh6 Nd7 39. Ng4 Nxf6 40. Nxf6+ Kg7
41. Nxe8+ Rxe8 42. f4 Bb4 43. Bf3 Re1 44. Rxe1 Bxe1 45. Be2 Bb4 46. g4 Kg6 47. Kf3 a5 48. a4
1-0

[Event "Jacobus De Cessolis"]
[Site "SchemingMind.com"]
[Date "2007.12.31"]
[Round "-"]
[White "heuschrecke"]
[Black "Adunatos"]
[Result "1/2-1/2"]
[WhiteCountry "GER"]
[BlackCountry "NED"]
[WhiteElo "2409"]
[WhiteRD "100"]
[BlackElo "2296"]
[BlackRD "70"]
[GameID "135769"]

1. e4 c6 2. d4 d5 3. Nc3 dxe4 4. Nxe4 Bf5 5. Ng3 Bg6 6. h4 h6 7. h5 Bh7 8. Nf3 Nd7 9. Bd3 Bxd3 10. Qxd3 e6
11. Bf4 Qa5+ 12. Bd2 Bb4 13. Ne4 Ngf6 14. Nd6+ Ke7 15. Nc4 Bxd2+ 16. Nfxd2 Qc7 17. Rh4 c5 18. O-O-O Rhd8 19. Nf3 b5 20. Ne3 Rab8
21. a4 a6 22. Qc3 b4 23. Qc4 a5 24. Qa6=
1/2-1/2

[Event "Jacobus De Cessolis"]
[Site "SchemingMind.com"]
[Date "2007.12.31"]
[Round "-"]
[White "demiurg"]
[Black "Adunatos"]
[Result "0-1"]
[WhiteCountry "HUN"]
[BlackCountry "NED"]
[WhiteElo "2281"]
[WhiteRD "74"]
[BlackElo "2378"]
[BlackRD "72"]
[GameID "135770"]

1. e4 c6 2. d4 d5 3. Nc3 dxe4 4. Nxe4 Bf5 5. Ng3 Bg6 6. h4 h6 7. Nf3 Nd7 8. h5 Bh7 9. Bd3 Bxd3 10. Qxd3 e6
11. Bf4 Qa5+ 12. Bd2 Bb4 13. c3 Be7 14. c4 Qc7 15. O-O-O Ngf6 16. Rde1 b5 17. c5 O-O 18. Ne2 Ng4 19. Rhf1 Ndf6 20. Bf4 Qa5
21. Kb1 Rfd8 22. Ne5 Nxe5 23. Bxe5 Nd7 24. f4 Bxc5 25. Bxg7 Bb4 26. f5 e5 27. Bxh6 Bxe1 28. f6 Nc5 29. Qf5 Ne6 30. Rh1 Rxd4
0-1

[Event "Jacobus De Cessolis"]
[Site "SchemingMind.com"]
[Date "2007.12.31"]
[Round "-"]
[White "Konan_Kaddosh"]
[Black "Adunatos"]
[Result "1/2-1/2"]
[WhiteCountry "ITA"]
[BlackCountry "NED"]
[WhiteElo "2496"]
[WhiteRD "63"]
[BlackElo "2322"]
[BlackRD "72"]
[GameID "135771"]

1. e4 c6 2. d4 d5 3. e5 Bf5 4. Nf3 e6 5. Be2 Ne7 6. O-O h6 7. Nbd2 Nd7 8. Nb3 g5 9. a4 b6 10. Be3 Bg6
11. a5 Nf5 12. Bd2 g4 13. Ne1 h5 14. Bf4 Bg7 15. Nd3 Rc8 16. axb6 axb6 17. Ra7 c5 18. Ndxc5 bxc5 19. Bb5 O-O 20. Bxd7 Qb6
21. Ra3 c4 22. Bxc8 Rxc8 23. c3 cxb3 24. Qxb3 Qd8 25. Rfa1 Kh7 26. Ra7 Rb8 27. Rb7 Ra8 28. Raa7 h4 29. Qa4 Rxa7 30. Qxa7 h3
31. g3 Qc8 32. Rc7 Qg8 33. Qb7 Bh6 34. Bxh6 Nxh6 35. Rc8 Qg7 36. Qe7 Bd3 37. Qd8=
1/2-1/2

[Event "Jacobus De Cessolis"]
[Site "SchemingMind.com"]
[Date "2008.01.05"]
[Round "-"]
[White "badbishop"]
[Black "Adunatos"]
[Result "0-1"]
[WhiteCountry "POL"]
[BlackCountry "NED"]
[WhiteElo "2286"]
[WhiteRD "68"]
[BlackElo "2378"]
[BlackRD "72"]
[GameID "135772"]

1. e4 c6 2. d4 d5 3. e5 Bf5 4. Nc3 e6 5. g4 Bg6 6. Nge2 c5 7. Be3 Qb6 8. f4 Nc6 9. f5 exf5 10. Bg2 Nge7
11. dxc5 Qa6 12. Nd4 O-O-O 13. Ncb5 f4 14. Bf1 Nxd4 15. Qxd4 fxe3 16. Nd6+ Rxd6 17. Bxa6 Rxa6 18. Qxe3 Nc6 19. O-O-O d4 20. Qe2 Rxa2
21. e6 d3 22. cxd3 Nd4
0-1

[Event "Jacobus De Cessolis"]
[Site "SchemingMind.com"]
[Date "2008.01.04"]
[Round "-"]
[White "Stavrogin"]
[Black "Goran"]
[Result "0-1"]
[WhiteCountry "GER"]
[BlackCountry "ITA"]
[WhiteElo "1912"]
[WhiteRD "62"]
[BlackElo "2503"]
[BlackRD "69"]
[GameID "136182"]

1. e4 e5 2. Nf3 Nc6 3. Bb5 a6 4. Ba4 Nf6 5. O-O b5 6. Bb3 Be7 7. Re1 d6 8. c3 O-O 9. h3 Bb7 10. d4 Re8
11. Nbd2 Bf8 12. d5 Nb8 13. Nf1 Nbd7 14. N3h2 Nc5
0-1

[Event "Jacobus De Cessolis"]
[Site "SchemingMind.com"]
[Date "2008.01.04"]
[Round "-"]
[White "Stavrogin"]
[Black "heuschrecke"]
[Result "0-1"]
[WhiteCountry "GER"]
[BlackCountry "GER"]
[WhiteElo "1912"]
[WhiteRD "62"]
[BlackElo "2457"]
[BlackRD "86"]
[GameID "136183"]

1. e4 c5 2. Nc3 Nc6 3. Nge2 g6 4. d4 cxd4 5. Nxd4 Bg7 6. Nde2 d6 7. g3 f5 8. Bg2 Nf6 9. O-O O-O 10. Nf4 Kh8
11. Re1 fxe4 12. Nxe4 Bg4 13. Qd2 Nxe4 14. Rxe4 Qd7 15. c3 Rac8 16. Nd5 Ne5 17. f4 Nc4 18. Qf2 e5 19. Qxa7 Qb5 20. Re1 e4
21. Nb4 d5 22. h3 Be6
0-1

[Event "Jacobus De Cessolis"]
[Site "SchemingMind.com"]
[Date "2008.01.03"]
[Round "-"]
[White "Stavrogin"]
[Black "demiurg"]
[Result "0-1"]
[WhiteCountry "GER"]
[BlackCountry "HUN"]
[WhiteElo "1903"]
[WhiteRD "75"]
[BlackElo "2246"]
[BlackRD "72"]
[GameID "136184"]

1. Nf3 Nf6 2. c4 c6 3. g3 d5 4. Bg2 Bf5 5. cxd5 cxd5 6. Qb3 Nc6 7. Qxb7 Bd7 8. Qb3 e5 9. d3 Rb8 10. Qd1 Bd6
11. O-O O-O 12. e4 dxe4 13. dxe4 Bc5 14. Nc3 Be6 15. Qxd8 Rfxd8 16. b3 Nb4 17. Na4 Bd6 18. Be3 Nxe4 19. Bxa7 Rbc8
0-1

[Event "Jacobus De Cessolis"]
[Site "SchemingMind.com"]
[Date "2008.01.04"]
[Round "-"]
[White "Stavrogin"]
[Black "Konan_Kaddosh"]
[Result "0-1"]
[WhiteCountry "GER"]
[BlackCountry "ITA"]
[WhiteElo "1912"]
[WhiteRD "62"]
[BlackElo "2496"]
[BlackRD "65"]
[GameID "136185"]

1. Nf3 Nf6 2. c4 e6 3. g3 b6 4. Bg2 Bb7 5. O-O Be7 6. Nc3 O-O 7. Re1 d5 8. cxd5 Nxd5 9. e4 Nxc3 10. bxc3 c5
11. d4 cxd4 12. cxd4 Nd7 13. Bb2 Rc8 14. d5 exd5 15. exd5 Bf6 16. Nd4 Nc5 17. Nc6 Bxc6 18. Bxf6 Qxf6 19. dxc6 g6
0-1

[Event "Jacobus De Cessolis"]
[Site "SchemingMind.com"]
[Date "2008.01.03"]
[Round "-"]
[White "Stavrogin"]
[Black "Adunatos"]
[Result "0-1"]
[WhiteCountry "GER"]
[BlackCountry "NED"]
[WhiteElo "1912"]
[WhiteRD "62"]
[BlackElo "2378"]
[BlackRD "72"]
[GameID "136186"]

1. e4 c6 2. d4 d5 3. e5 Bf5 4. Nf3 e6 5. Be2 Ne7 6. O-O h6 7. Nbd2 Nd7 8. Nb3 g5 9. Ne1 Qc7 10. f4 gxf4
11. Bh5 c5 12. c3 c4 13. Nd2 Ng6 14. b3 O-O-O 15. bxc4 dxc4 16. Qa4 Nb6 17. Qxa7 Ne7 18. Bf3 Nc6 19. Bxc6 Qxc6 20. Ba3 Kd7
0-1

[Event "Jacobus De Cessolis"]
[Site "SchemingMind.com"]
[Date "2008.01.08"]
[Round "-"]
[White "Stavrogin"]
[Black "badbishop"]
[Result "0-1"]
[WhiteCountry "GER"]
[BlackCountry "POL"]
[WhiteElo "1912"]
[WhiteRD "62"]
[BlackElo "2286"]
[BlackRD "68"]
[GameID "136187"]

1. e4 c5 2. Nc3 Nc6 3. Nge2 g6 4. d4 cxd4 5. Nxd4 Bg7 6. Nde2 d6 7. g3 Nf6 8. Bg2 O-O 9. O-O Rb8 10. Nd5 b5
11. c3 b4 12. Nd4 Bd7 13. Nxc6 Bxc6 14. Nxb4 Bb5 15. Re1 a5
0-1

[Event "Jacobus De Cessolis"]
[Site "SchemingMind.com"]
[Date "2008.01.08"]
[Round "-"]
[White "Stavrogin"]
[Black "joralx3"]
[Result "0-1"]
[WhiteCountry "GER"]
[BlackCountry "ARG"]
[WhiteElo "1912"]
[WhiteRD "62"]
[BlackElo "2427"]
[BlackRD "88"]
[GameID "136188"]

1. Nf3 Nf6 2. c4 g6 3. g3 Bg7 4. Bg2 O-O 5. O-O d6 6. d4 Nc6 7. Nc3 Bf5 8. d5 Na5 9. Nd2 c6 10. dxc6 bxc6
11. e4 Be6 12. b3 Ng4 13. Bb2 Nb7 14. Na4 Bxb2 15. Nxb2 Nc5 16. h3 Nf6 17. Qe2 Qd7
0-1

[Event "Jacobus De Cessolis"]
[Site "SchemingMind.com"]
[Date "2008.01.04"]
[Round "-"]
[White "Goran"]
[Black "Stavrogin"]
[Result "1-0"]
[WhiteCountry "ITA"]
[BlackCountry "GER"]
[WhiteElo "2503"]
[WhiteRD "69"]
[BlackElo "1912"]
[BlackRD "62"]
[GameID "136189"]

1. d4 d5 2. c4 c6 3. Nc3 Nf6 4. cxd5 cxd5 5. Bf4 Nc6 6. e3 Bf5 7. Bb5 e6 8. Qa4 Qb6 9. Nf3 Be7 10. Ne5 O-O
11. Bxc6 Rfc8 12. O-O bxc6 13. Rfc1 Qxb2 14. Nxc6 Ba3 15. Qa6
1-0

[Event "Jacobus De Cessolis"]
[Site "SchemingMind.com"]
[Date "2008.01.08"]
[Round "-"]
[White "heuschrecke"]
[Black "Stavrogin"]
[Result "1-0"]
[WhiteCountry "GER"]
[BlackCountry "GER"]
[WhiteElo "2457"]
[WhiteRD "86"]
[BlackElo "1912"]
[BlackRD "62"]
[GameID "136190"]

1. a3 Nf6 2. b4 g6 3. Bb2 Bg7 4. c4 O-O 5. Nf3 d6 6. d3 e5 7. g3 e4 8. dxe4 Nxe4 9. Bxg7 Kxg7 10. Nbd2 Nxd2
11. Nxd2 Re8 12. Bg2 Bg4 13. Ne4 Nc6 14. O-O Qe7 15. Re1 Qe5 16. b5 Nd8 17. Qd2 Bf5 18. f4 Qe7 19. Nc3 Be6 20. e4 c6
21. bxc6 bxc6 22. Rad1
1-0

[Event "Jacobus De Cessolis"]
[Site "SchemingMind.com"]
[Date "2008.01.04"]
[Round "-"]
[White "demiurg"]
[Black "Stavrogin"]
[Result "1-0"]
[WhiteCountry "HUN"]
[BlackCountry "GER"]
[WhiteElo "2227"]
[WhiteRD "72"]
[BlackElo "1907"]
[BlackRD "69"]
[GameID "136191"]

1. e4 e5 2. Nf3 Nc6 3. Bc4 Bc5 4. b4 Bxb4 5. c3 Ba5 6. d4 exd4 7. O-O Nge7 8. Ng5 d5 9. exd5 Ne5 10. Bb3 O-O
11. cxd4 Ng4 12. h3 Nf6 13. Bd2 Bxd2 14. Nxd2 h6 15. Nge4 Nfxd5 16. Re1 c6 17. Rc1
1-0

[Event "Jacobus De Cessolis"]
[Site "SchemingMind.com"]
[Date "2008.01.04"]
[Round "-"]
[White "Konan_Kaddosh"]
[Black "Stavrogin"]
[Result "1-0"]
[WhiteCountry "ITA"]
[BlackCountry "GER"]
[WhiteElo "2496"]
[WhiteRD "65"]
[BlackElo "1912"]
[BlackRD "62"]
[GameID "136192"]

1. e4 e5 2. Nf3 Nc6 3. Bb5 a6 4. Ba4 Nf6 5. O-O Be7 6. Re1 b5 7. Bb3 O-O 8. d3 d6 9. c3 Na5 10. Bc2 c5
11. Nbd2 Re8 12. Nf1 h6 13. Ne3 Bf8 14. h3 Bb7 15. Nd2 g6 16. a3 Bg7 17. b4 Nc6 18. Rb1 Qc7 19. Nb3 Nd8 20. Na5 Bc8
21. Bb3 Be6 22. Bxe6
1-0

[Event "Jacobus De Cessolis"]
[Site "SchemingMind.com"]
[Date "2008.01.04"]
[Round "-"]
[White "Adunatos"]
[Black "Stavrogin"]
[Result "1-0"]
[WhiteCountry "NED"]
[BlackCountry "GER"]
[WhiteElo "2378"]
[WhiteRD "72"]
[BlackElo "1912"]
[BlackRD "62"]
[GameID "136193"]

1. e4 e5 2. Nf3 Nc6 3. Bb5 a6 4. Ba4 Nf6 5. O-O Be7 6. Re1 b5 7. Bb3 O-O 8. h3 Bb7 9. d3 d6 10. a3 Qd7
11. Nc3 Rfe8 12. Bd2 Nd8 13. d4 exd4 14. Nxd4 c5 15. Nf5 c4 16. Ba2 Bf8 17. Bg5 Nxe4 18. Qg4 Nc5 19. Be7 h5 20. Nh6+ Kh7
21. Qxd7
1-0

[Event "Jacobus De Cessolis"]
[Site "SchemingMind.com"]
[Date "2008.01.08"]
[Round "-"]
[White "badbishop"]
[Black "Stavrogin"]
[Result "1-0"]
[WhiteCountry "POL"]
[BlackCountry "GER"]
[WhiteElo "2286"]
[WhiteRD "68"]
[BlackElo "1912"]
[BlackRD "62"]
[GameID "136194"]

1. e4 e5 2. Nf3 Nc6 3. d4 exd4 4. Nxd4 Nf6 5. Nxc6 bxc6 6. e5 Qe7 7. Qe2 Nd5 8. c4 Ba6 9. b3 O-O-O 10. g3 g5
11. Bb2 Bg7 12. Nd2 Nb4 13. Nf3 Rhe8 14. Bh3
1-0

[Event "Jacobus De Cessolis"]
[Site "SchemingMind.com"]
[Date "2008.01.08"]
[Round "-"]
[White "joralx3"]
[Black "Stavrogin"]
[Result "1-0"]
[WhiteCountry "ARG"]
[BlackCountry "GER"]
[WhiteElo "2427"]
[WhiteRD "88"]
[BlackElo "1912"]
[BlackRD "62"]
[GameID "136195"]

1. e4 e5 2. Nf3 Nc6 3. Bb5 a6 4. Ba4 Nf6 5. O-O Be7 6. Re1 b5 7. Bb3 O-O 8. h3 Bb7 9. d3 d6 10. a3 Qd7
11. Nc3 Rfe8 12. Be3 Nd8 13. Nd5 Nxd5 14. exd5 c6 15. c4 cxd5 16. cxd5 Kh8 17. a4 f5 18. axb5 axb5 19. Rxa8
1-0

[Event "Jacobus De Cessolis"]
[Site "SchemingMind.com"]
[Date "2008.01.09"]
[Round "-"]
[White "Chess_Man01"]
[Black "Goran"]
[Result "1/2-1/2"]
[WhiteCountry "GBR"]
[BlackCountry "ITA"]
[WhiteElo "2277"]
[WhiteRD "63"]
[BlackElo "2510"]
[BlackRD "73"]
[GameID "136323"]

1. e4 e5 2. Nf3 Nc6 3. Bb5 a6 4. Ba4 Nf6 5. O-O Be7 6. Re1 b5 7. Bb3 d6 8. c3 O-O 9. h3 Nb8 10. d4 Nbd7
11. Nbd2 Bb7 12. Bc2 Re8 13. Nf1 Bf8 14. Ng3 g6 15. Bg5 h6 16. Bd2 Bg7 17. a4 c5 18. d5 c4 19. b4 cxb3 20. Bxb3 Nc5
21. c4 Qd7 22. cxb5= axb5 23. a5 Rec8 24. Bc2 Rab8 25. Qe2 Ba6 26. Bb4 h5 27. Qe3 Rc7 28. Reb1 Rbc8=
1/2-1/2

[Event "Jacobus De Cessolis"]
[Site "SchemingMind.com"]
[Date "2008.01.09"]
[Round "-"]
[White "Chess_Man01"]
[Black "heuschrecke"]
[Result "0-1"]
[WhiteCountry "GBR"]
[BlackCountry "GER"]
[WhiteElo "2277"]
[WhiteRD "63"]
[BlackElo "2482"]
[BlackRD "92"]
[GameID "136324"]

1. e4 c5 2. Nf3 a6 3. d4 cxd4 4. Nxd4 Nf6 5. Nc3 d6 6. Be2 e6 7. Bg5 Be7 8. O-O O-O 9. Qd3 b5 10. f4 Bb7
11. Bf3 Nbd7 12. e5 dxe5 13. Bxf6 Bxf6 14. Bxb7= exd4 15. Ne4 Rb8 16. Bc6 Nb6 17. Nxf6+ Qxf6 18. Be4 h6 19. Rab1 Nc4 20. Rf2= Rfc8
21. Bh7+ Kh8 22. Be4 g6 23. Rf3 Kg7 24. a3 Rc5 25. Qe2 Rd8 26. Bd3 Ne3 27. c3 Nf5 28. Qf2 Rcc8 29. cxd4 Rxd4 30. Bxf5 exf5
31. b4 Qd6 32. Rf1 Rd2 33. Qe3 Rcc2 34. R1f2 Rd1+ 35. Rf1 Rd4
0-1

[Event "Jacobus De Cessolis"]
[Site "SchemingMind.com"]
[Date "2008.01.09"]
[Round "-"]
[White "Chess_Man01"]
[Black "demiurg"]
[Result "1/2-1/2"]
[WhiteCountry "GBR"]
[BlackCountry "HUN"]
[WhiteElo "2289"]
[WhiteRD "59"]
[BlackElo "2313"]
[BlackRD "71"]
[GameID "136325"]

1. d4 d5 2. c4 c6 3. Nf3 Nf6 4. g3 Bf5 5. Nbd2 e6 6. Bg2 Nbd7 7. O-O Bd6 8. Nh4 Bg4 9. h3 Bh5 10. f4 Qe7
11. Qb3 Rb8 12. Qd3 O-O 13. g4=
1/2-1/2

[Event "Jacobus De Cessolis"]
[Site "SchemingMind.com"]
[Date "2008.01.09"]
[Round "-"]
[White "Chess_Man01"]
[Black "Konan_Kaddosh"]
[Result "0-1"]
[WhiteCountry "GBR"]
[BlackCountry "ITA"]
[WhiteElo "2277"]
[WhiteRD "63"]
[BlackElo "2559"]
[BlackRD "66"]
[GameID "136326"]

1. Nf3 Nf6 2. c4 e6 3. Nc3 c5 4. e3 Nc6 5. d4 d5 6. cxd5 Nxd5 7. dxc5 Nxc3 8. Qxd8+ Kxd8 9. bxc3 Bxc5 10. Be2 f6
11. O-O e5 12. e4= Be6 13. Rd1+ Kc7 14. Ne1 b6 15. Nd3= Be7 16. f4 Rad8 17. Be3= Rd7 18. fxe5 fxe5 19. Rd2 Rhd8 20. Rad1 Bf6
21. Kf2 h6 22. Kf3= Kc8 23. g3 Rf8 24. Kg2 Na5 25. Nb4 Nc4 26. Bxc4= Rxd2+ 27. Rxd2 Bxc4 28. Nd5 Bd8 29. h4 Bf1+ 30. Kh2 Rf3
31. h5 Bc4 32. Kg2= Rf7 33. a3 Bf1+ 34. Kh2 Bb5 35. Bg1 Ba6 36. Kg2 Bf1+ 37. Kh2= Rd7 38. Be3 Kb7 39. g4 Bh4 40. Kg1 Bc4
41. Rh2 Bd8 42. Rd2 a5 43. Rb2 Bxd5 44. exd5 Rxd5 45. c4 Rd1+ 46. Kf2 Kc6 47. Rb3 Ra1 48. Kf3 a4
0-1

[Event "Jacobus De Cessolis"]
[Site "SchemingMind.com"]
[Date "2008.01.09"]
[Round "-"]
[White "Chess_Man01"]
[Black "Adunatos"]
[Result "1-0"]
[WhiteCountry "GBR"]
[BlackCountry "NED"]
[WhiteElo "2044"]
[WhiteRD "67"]
[BlackElo "2072"]
[BlackRD "71"]
[GameID "136327"]

1. e4 c6 2. d4 d5 3. e5 Bf5 4. Be3 e6 5. Nf3 Nd7 6. Nbd2 Ne7 7. Be2 f6 8. O-O Qc7 9. c4 O-O-O 10. Rc1 Kb8
11. Qb3 fxe5 12. Rfe1 dxc4 13. Bxc4 e4 14. Ng5 Nd5 15. Ngxe4 h6 16. Ng3 N7f6 17. Nxf5 exf5 18. Nf3 Bb4 19. Bd2 Bxd2 20. Nxd2 Rhe8
21. Rxe8 Rxe8 22. Nf3 Qf4 23. Rd1 g5 24. Ba6 Qc7 25. Ne5= Ng4 26. Bxb7 Qxb7 27. Nxc6+ Kc7 28. Qxd5= Qxc6 29. Qxf5 Nf6 30. h3 Nd5
31. b4 Re2 32. Qf7+ Kb6 33. Qf8 Rxa2 34. Qb8+ Ka6 35. b5+= Qxb5 36. Qc8+ Ka5 37. Rc1 Ka4 38. Rc5 Qe2 39. Qc6+ Kb4 40. Kh2 Nb6
41. Re5 Qc4 42. Qd6+ Kb3 43. Rc5 Qd3 44. Qf6= Qe4 45. Qf7+ Kb2 46. Rb5+ Ka1 47. Qb3 Qc2 48. Qe3 Qd2 49. Qb3 Qf4+ 50. Kh1 Qc1+
51. Kh2= Qc7+ 52. Re5 Nc4 53. Qc3+ Rb2 54. Kg1 Ka2 55. Re1
1-0

[Event "Jacobus De Cessolis"]
[Site "SchemingMind.com"]
[Date "2008.01.09"]
[Round "-"]
[White "Chess_Man01"]
[Black "badbishop"]
[Result "0-1"]
[WhiteCountry "GBR"]
[BlackCountry "POL"]
[WhiteElo "1935"]
[WhiteRD "59"]
[BlackElo "2246"]
[BlackRD "73"]
[GameID "136328"]

1. e4 c5 2. Nf3 d6 3. d4 cxd4 4. Nxd4 Nf6 5. Nc3 Nc6 6. Bb5 Bd7 7. O-O g6 8. Nd5 Bg7 9. Nxf6+ Bxf6 10. Be3 O-O
11. c3 Qc7 12. f4 a6 13. Nxc6 bxc6 14. Bc4 Rab8 15. Qe2 a5 16. Rac1 a4 17. b4 axb3 18. axb3 Qc8 19. b4 Be6 20. Bd3 c5
21. f5 Bb3 22. bxc5 dxc5 23. Bc4 Qc6 24. Bh6 Bg7 25. Bxg7 Kxg7 26. Bd5 Bxd5 27. exd5 Qd6 28. c4 Rb4 29. Rf3 Rfb8 30. fxg6 hxg6
31. Rcf1 f6 32. Re1 R8b7 33. Re3 Kf7 34. Re6 Qd8 35. Qe3 Rb1 36. Qxc5 Rxe1+ 37. Rxe1 Qd6 38. Qf2 Rc7 39. Re4 Qc5 40. g4 f5
0-1

[Event "Jacobus De Cessolis"]
[Site "SchemingMind.com"]
[Date "2008.01.09"]
[Round "-"]
[White "Chess_Man01"]
[Black "joralx3"]
[Result "0-1"]
[WhiteCountry "GBR"]
[BlackCountry "ARG"]
[WhiteElo "2277"]
[WhiteRD "63"]
[BlackElo "2414"]
[BlackRD "80"]
[GameID "136330"]

1. Nf3 Nf6 2. c4 g6 3. Nc3 Bg7 4. g3 O-O 5. Bg2 d6 6. O-O c5 7. d4 Na6 8. dxc5 Nxc5 9. Be3 Ne6 10. h3 Bd7
11. Nd5 Rc8 12. Rc1 b5 13. cxb5 Rxc1 14. Nxf6+ Bxf6 15. Bxc1 Bxb5 16. Bh6= Re8 17. a4 Bc6 18. b4 a6 19. Qc2 Qa8 20. Rc1 Be4
21. Qb3 Bd5 22. Qd3 Rb8 23. Bd2 Be4 24. Qe3= Bb2 25. Rf1 Rc8 26. Re1 Qd5 27. Rd1 Qc4 28. Re1 Qc2 29. a5 d5 30. Rf1 Ng7
31. Qb6 Bxf3 32. Bxf3= Qxd2 33. Qxa6 Rb8 34. b5 Nf5 35. b6 Be5 36. e3 e6 37. Qa7 Qb4 38. Kg2 h5 39. Kg1 h4 40. g4 Ne7
41. Rc1 Qb2 42. Rc5 Bd6
0-1

[Event "Jacobus De Cessolis"]
[Site "SchemingMind.com"]
[Date "2008.01.09"]
[Round "-"]
[White "Goran"]
[Black "Chess_Man01"]
[Result "1-0"]
[WhiteCountry "ITA"]
[BlackCountry "GBR"]
[WhiteElo "2508"]
[WhiteRD "73"]
[BlackElo "2283"]
[BlackRD "55"]
[GameID "136331"]

1. d4 Nf6 2. c4 e6 3. Nf3 d5 4. Nc3 c6 5. Bg5 h6 6. Bh4 dxc4 7. e4 b5 8. e5 g5 9. Nxg5 hxg5 10. Bxg5 Be7
11. exf6 Bxf6 12. Bxf6 Qxf6= 13. g3 Na6 14. Bg2 Nb4= 15. O-O Bb7 16. Ne4 Qh6= 17. h4 Rd8 18. Nc5 Ba8 19. Re1 Nd3= 20. Nxd3 Rxd4
21. a4 Rxd3= 22. Qg4 Rd8 23. axb5 cxb5 24. Bxa8 Rxa8 25. Re5 Ke7 26. Rxb5 a6 27. Rb7+
1-0